Propuesta de urbanización sostenible para certificación en base a criterios LEED, Barrio Llano de la Tejera ciudad de Jinotega
Presenta una solución a la necesidad existente de la población por expandirse con la construcción de viviendas en la ciudad de Jinotega, así mismo se requiere de criterios amigables al entorno y que vayan de la mano con la urbanización y con las condiciones de este departamento.
| Main Authors: | , , |
|---|---|
| Other Authors: | |
| Format: | Tesis Section = Libro |
| Language: | Undetermined Spanish |
| Published: |
Managua
UNI
2019
|
| Subjects: |
| LEADER | 01169nam a2200265Ia 4500 | ||
|---|---|---|---|
| 008 | 240830s9999 xx 000 0 und d | ||
| 040 | |a BIBLIOTECA-RUSB/ Mon 728.5 H557 | ||
| 041 | |a spa | ||
| 082 | |a Mon 728.5 H557 | ||
| 100 | 1 | |a Hernández Vallejos, Rosibel | |
| 100 | 1 | |b Granados Meza, Fredes | |
| 100 | 1 | |c Alberdi Rivas, Marvin | |
| 245 | 1 | 0 | |a Propuesta de urbanización sostenible para certificación en base a criterios LEED, Barrio Llano de la Tejera ciudad de Jinotega |
| 260 | |a Managua |b UNI |c 2019 | ||
| 300 | |a 98 p. :il. | ||
| 500 | |a Contiene: anexos y CD. | ||
| 502 | |a Tesis (Arquitecto) - UNI, 2019. | ||
| 520 | 3 | |a Presenta una solución a la necesidad existente de la población por expandirse con la construcción de viviendas en la ciudad de Jinotega, así mismo se requiere de criterios amigables al entorno y que vayan de la mano con la urbanización y con las condiciones de este departamento. | |
| 650 | 7 | |a URBANIZACION SOSTENIBLE | |
| 650 | 7 | |b ARQUITECTURA- DISEÑO ARQUITECTONICO | |
| 650 | 7 | |c DISEÑO DE VIVIENDAS- PLANOS | |
| 700 | 1 | |a Tutor: |b Aguilar Arriola, Erasmo José | |
| 942 | |c BK |2 ddc | ||
| 991 | |a TESIS | ||
| 999 | |c 21504 | ||